Methods of test for raw isobutene-isoprene rubbers (II R or butyl) (Record no. 73094)

MARC details
000 -LEADER
fixed length control field 00383nam a2200121Ia 4500
245 #0 - TITLE STATEMENT
Title Methods of test for raw isobutene-isoprene rubbers (II R or butyl)
260 ## - PUBLICATION, DISTRIBUTION, ETC. (IMPRINT)
Place of publication London
260 ## - PUBLICATION, DISTRIBUTION, ETC. (IMPRINT)
Year of publication 1980:1978
Name of publisher British Standards Institution
500 ## - GENERAL NOTE
General note Standard number: BS 4470: ISO 2302
650 ## - SUBJECT ADDED ENTRY--TOPICAL TERM
Topical Term Isobutene-isoprene rubber
942 ## - ADDED ENTRY ELEMENTS (KOHA)
Koha item type Standards
Holdings
Withdrawn status Lost status Damaged status Not for loan Home library Current library Date acquired Koha item type
      Standards RRII Library RRII Library 31/12/2021 Standards